• 首页
  • 本馆介绍
  • 公告通知
  • 最新文献
  • 馆藏检索
  • 电子资源
  • 读者导购
  • 参考咨询
  • 我的图书馆
  • 登录
  • 详细信息显示
  • 放入我的书架
  • 预约/预借图书
  • 作者相关作品
  • 分类相关作品
  • 丛书相关作品
  • 出版社相关作品

书目信息

  • 表格格式
  • 工作单格式
  • 卡片格式
题名:
小强升职记
    
 
作者: 邹鑫 著
分册:  
出版信息: 北京   电子工业出版社  2020.3
页数: 204页
开本: 21cm
丛书名:
单 册:
中图分类: B848.4 , C935
科图分类:
主题词: 成功心理--通俗读物 , 时间--管理--通俗读物
电子资源:
ISBN: 978-7-121-22570-3
000 01202nam0 2200289 45
001 012001000265
005 20140818084650.0
010    @a978-7-121-22570-3@dCNY39.00
099    @aCAL 012014053122
100    @a20140506d2014 em y0chiy0110 ea
101 0  @achi
102    @aCN@b110000
105    @aa z 000yy
106    @ar
200 1  @a小强升职记@AXiao Qiang Sheng Zhi Ji@e时间管理故事书@e升级版@f邹鑫著
210    @a北京@c电子工业出版社@d2020.3
215    @a204页@c图@d21cm
300    @a其他题名:时间管理故事书
330    @a本书不讲时间管理的大道理,而是通过小强和老付的交流来讲故事。让我们看到一个正能量小强是如何战胜压力,如何管理时间,如何实现成长。这本书是简单、实用的时间管理入门书。这本书从系统化的视角来帮助我们重新审视管理时间,并以最快的速度帮助我们养成好习惯,战胜拖延症,掌握时间管理的技巧,从而实现高效地工作,慢节奏地享受生活。这本书除了精美的实践手册外,我们还有立体化的互动学习平台,这样在互动学习中切实掌握时间管理的技巧。
517 1  @a时间管理故事书
606 0  @a成功心理@j通俗读物
606 0  @a时间@x管理@j通俗读物
690    @aB848.4@v5
690    @aC935@v5
701  0 @a邹鑫@AZou Xin@4著
801    @aCN@bAHXH@c20210922
905    @b1357704-7@dB848.4@e4061@f4
    
    小强升职记:时间管理故事书:升级版/邹鑫著.-北京:电子工业出版社,2020.3
    204页:图;21cm
    其他题名:时间管理故事书
    
    ISBN 978-7-121-22570-3:CNY39.00
    本书不讲时间管理的大道理,而是通过小强和老付的交流来讲故事。让我们看到一个正能量小强是如何战胜压力,如何管理时间,如何实现成长。这本书是简单、实用的时间管理入门书。这本书从系统化的视角来帮助我们重新审视管理时间,并以最快的速度帮助我们养成好习惯,战胜拖延症,掌握时间管理的技巧,从而实现高效地工作,慢节奏地享受生活。这本书除了精美的实践手册外,我们还有立体化的互动学习平台,这样在互动学习中切实掌握时间管理的技巧。
●
相关链接 在E读中查询图书 在五车中查询图书 在当当中查询图书 在豆瓣中查询图书


正题名:小强升职记     索取号:B848.4/4061         预约/预借

序号 登录号 条形码 馆藏地/架位号 状态 备注
1 1357704   213577048   第一样本阅览室/ [索取号:B848.4/4061] 在馆    
2 1357705   213577057   第一借阅区/ [索取号:B848.4/4061] 在馆    
3 1357706   213577066   第一借阅区/ [索取号:B848.4/4061] 在馆    
4 1357707   213577075   第一借阅区/ [索取号:B848.4/4061] 在馆    
唐山师范学院图书馆 欢迎您!
大连网信软件有限公司© 版权所有